بيسو يں صد ی کے کا ر و ا ں سا لا ر سر سيد ا حمد خا ن (Record no. 166680)

MARC details
000 -LEADER
fixed length control field 00751nam a22001937a 4500
005 - DATE AND TIME OF LATEST TRANSACTION
control field 20190802171225.0
010 ## - LCCN (DPL NO)
LC control number UR-10336
020 ## - INTERNATIONAL STANDARD BOOK NUMBER
Terms of availability 200.00
International Standard Book Number 9789388356077
035 ## - SYSTEM CONTROL NUMBER
System control number U-8891
037 ## - SOURCE OF ACQUISITION
Source of stock number/acquisition DBAD/PUB
082 ## - DEWEY DECIMAL CLASSIFICATION NUMBER
Classification number 920
100 ## - MAIN ENTRY--PERSONAL NAME
Personal name جہا نگير ا حمد خا ن
245 ## - TITLE STATEMENT
Title بيسو يں صد ی کے کا ر و ا ں سا لا ر سر سيد ا حمد خا ن
Statement of responsibility, etc جہا نگير ا حمد خا ن
246 ## - VARYING FORM OF TITLE
Remainder of title Beesween Sadi Ke Karwan Salaar Sir Syed Ahmed Khan (Urdu)
Title proper/short title Dr.Jahangir Ahmed Khan
260 ## - PUBLICATION, DISTRIBUTION, ETC. (IMPRINT)
Place of publication, distribution, etc Delhi
Name of publisher, distributor, etc Educational Publishing House
Date of publication, distribution, etc 2018 ء
270 ## - ADDRESS
Address 3191,Vakil Sreet Kucha Pandit Lal Kuan
City Delhi
Postal code 110006
Telephone number 23216162
Fax number -
300 ## - PHYSICAL DESCRIPTION
Extent 160 ص
Dimensions 22 Cm(Hb)
942 ## - ADDED ENTRY ELEMENTS (KOHA)
Source of classification or shelving scheme Dewey Decimal Classification
Item type Urdu Bks
Classification part 920
Call number suffix خ ا ن
Holdings
Withdrawn status Lost status Not for loan Collection code Home library Current library Date acquired Source of acquisition Cost, normal purchase price Full call number Barcode Copy number Cost, replacement price Koha item type
      Non-fiction Central Library Central Library 02/08/2019 DBAD/PUB 200.00 920 خ ا ن U-8891 1 200.00 Urdu Bks

© Delhi Public Library
Hit Counter
free hit counter